00645nam a2200181 a 450000100100000000500170001000800410002704000250006808200150009310000410010824500590014925000300020826000480023830000210028650400260030795201130033399900170044600004401920201002045109.0140513s1978 dr a 000 0 spa d aDO-SdBNPbspacBNPHU axxxxbxxxx1 aSaezmiera Uyarra, Juan José97199710aEstampas Calceatenses /cJuan José Saezmiera Uyarra. a2a. ed. corr. y enmendada a[Santo Domingo] :bImprenta Moderna,c1978. a122 p. ;c17 cm. aBibliografía : p. 5 0010718PDaPDbPDcCTd2014-05-13iLF1l0oxxxx xxxxp44019-10r2020-06-25w2020-06-25yLFPDZNo se presta c43508d43508